000 00412nam a2200181Ia 4500
005 20240823005229.0
008 240823s9999||||xx |||||||||||||| ||und||
041 _aENGLISH
082 _A80
100 _aAnjali Ahuja
245 0 _aNoble Thoughts on 100 Great Topics
250 _a1st
260 _b"S Chand,New "
500 _aTransfered
650 _aGeneral
_bGeneral
942 _cBK
999 _c155116
_d155116